The life of Muḥammad / (Record no. 478625)
[ view plain ]
| 000 -LEADER | |
|---|---|
| fixed length control field | 01390cam a22003855a 4500 |
| 001 - CONTROL NUMBER | |
| control field | 14759443 |
| 003 - CONTROL NUMBER IDENTIFIER | |
| control field | NUST |
| 005 - DATE AND TIME OF LATEST TRANSACTION | |
| control field | 20180607052256.0 |
| 008 - FIXED-LENGTH DATA ELEMENTS--GENERAL INFORMATION | |
| fixed length control field | 070306s2005 inua b 001 0beng d |
| 010 ## - LIBRARY OF CONGRESS CONTROL NUMBER | |
| LC control number | 2007272387 |
| 020 ## - INTERNATIONAL STANDARD BOOK NUMBER | |
| International Standard Book Number | 0892591374 (pbk.) |
| 035 ## - SYSTEM CONTROL NUMBER | |
| System control number | (OCoLC)ocm29701130 |
| 038 ## - RECORD CONTENT LICENSOR | |
| Staff Name | Arshad |
| 040 ## - CATALOGING SOURCE | |
| Original cataloging agency | NRM |
| Transcribing agency | NRM |
| Modifying agency | OCL |
| -- | OCLCQ |
| -- | NLGGC |
| -- | OCLCQ |
| -- | DLC |
| 041 1# - LANGUAGE CODE | |
| Language code of text/sound track or separate title | eng |
| Language code of original | ara |
| 042 ## - AUTHENTICATION CODE | |
| Authentication code | lccopycat |
| 043 ## - GEOGRAPHIC AREA CODE | |
| Geographic area code | a-su--- |
| 082 ## - DEWEY DECIMAL CLASSIFICATION NUMBER | |
| Classification number | 297.63 |
| Author Mark | HAY |
| 084 ## - OTHER CLASSIFICATION NUMBER | |
| Classification number | 11.82 |
| Number source | bcl |
| 100 1# - MAIN ENTRY--PERSONAL NAME | |
| Personal name | Haykal, Muḥammad Ḥusayn, |
| Dates associated with a name | 1888-1956. |
| 9 (RLIN) | 11087 |
| 240 10 - UNIFORM TITLE | |
| Uniform title | Ḥayāt Muḥammad. |
| Language of a work | English |
| 245 14 - TITLE STATEMENT | |
| Title | The life of Muḥammad / |
| Statement of responsibility, etc. | by Muḥammad Ḥusayn Haykal ; translated from the 8th edition by Isma'īl Rāgī A. al Fārūqī. |
| 260 ## - PUBLICATION, DISTRIBUTION, ETC. | |
| Place of publication, distribution, etc. | Indianapolis, IN : |
| Name of publisher, distributor, etc. | American Trust Publications, |
| Date of publication, distribution, etc. | 2005. |
| 300 ## - PHYSICAL DESCRIPTION | |
| Extent | lxxxviii, 624 p. : |
| Other physical details | ill. ; |
| Dimensions | 23 cm. |
| 500 ## - GENERAL NOTE | |
| General note | Translation of: Ḥayāt Muḥammad. |
| 504 ## - BIBLIOGRAPHY, ETC. NOTE | |
| Bibliography, etc. note | Includes bibliographical references and index. |
| 600 00 - SUBJECT ADDED ENTRY--PERSONAL NAME | |
| Personal name | Muḥammad, |
| Titles and other words associated with a name | Prophet, |
| Dates associated with a name | -632. |
| 9 (RLIN) | 6565 |
| 650 #0 - SUBJECT ADDED ENTRY--TOPICAL TERM | |
| Topical term or geographic name entry element | Muslims |
| Geographic subdivision | Saudi Arabia |
| Form subdivision | Biography. |
| 9 (RLIN) | 6566 |
| 650 17 - SUBJECT ADDED ENTRY--TOPICAL TERM | |
| Topical term or geographic name entry element | Islam. |
| Source of heading or term | gtt |
| 9 (RLIN) | 174 |
| 700 1# - ADDED ENTRY--PERSONAL NAME | |
| Personal name | Al-Faruqi, Ismaʼil R., |
| Dates associated with a name | 1921-1986. |
| 9 (RLIN) | 11088 |
| 880 ## - ALTERNATE GRAPHIC REPRESENTATION | |
| Linkage | 245-02\r |
| Title | وما ارسلنٰک الا رحمتہ للعٰلمین |
| 906 ## - LOCAL DATA ELEMENT F, LDF (RLIN) | |
| a | 0 |
| b | ibc |
| c | copycat |
| d | 2 |
| e | ncip |
| f | 20 |
| g | y-gencatlg |
| 942 ## - ADDED ENTRY ELEMENTS (KOHA) | |
| Source of classification or shelving scheme | |
| Koha item type | Book |
| Withdrawn status | Lost status | Source of classification or shelving scheme | Damaged status | Not for loan | Collection code | Permanent Location | Current Location | Shelving location | Date acquired | Total Checkouts | Total Renewals | Full call number | Barcode | Date last seen | Date last checked out | Copy number | Price effective from | Koha item type |
|---|---|---|---|---|---|---|---|---|---|---|---|---|---|---|---|---|---|---|
| Central Library (CL) | Central Library (CL) | First Floor - Islam | 06/07/2018 | 3 | 1 | 297.63 HAY | CL2989 | 01/26/2026 | 06/26/2025 | 1 | 06/07/2018 | Book |
